000 00304cam a2200121ua 4500
020 _a0-408-01186-6
082 _a621.822
_bWEL/PL
100 _aWelsh, R.J .
_91485
245 _aPlain Bearing Design Handbook /
260 _aLondon :
_bButterworth Scientific ,
_c1983.
300 _a162 ; .
942 _cREF
999 _c7192
_d7192